|
|
|
|
| LEADER |
01245nam a2200325 i 4500 |
| 001 |
35394 |
| 003 |
BD-DhAAL |
| 005 |
20211206112558.0 |
| 008 |
200113t1977 nyua b 001 0 eng d |
| 999 |
|
|
|c 42154
|d 42154
|
| 010 |
|
|
|a 76045797
|
| 020 |
|
|
|a 0030899656 :
|c $11.95
|
| 040 |
|
|
|a DLC
|c DLC
|d DLC
|d BD-DhAAL
|
| 050 |
0 |
0 |
|a LB1051
|b .G19 1977
|
| 082 |
0 |
0 |
|a 370.152
|
| 100 |
1 |
|
|a Gagné, Robert M.
|q (Robert Mills),
|d 1916-2002.
|9 38921
|
| 245 |
1 |
4 |
|a The conditions of learning /
|c Robert M. Gagné.
|
| 250 |
|
|
|a Third edition
|
| 260 |
|
|
|a New York :
|b Holt, Rinehart and Winston,
|c c1977.
|
| 300 |
|
|
|a xii, 339 pages :
|b illustrations ;
|c 25 cm.
|
| 500 |
|
|
|a Includes indexes.
|
| 504 |
|
|
|a Includes bibliographical references (pages 314-330).
|
| 526 |
|
|
|a BIED
|
| 541 |
|
|
|a Complimentary copy from BIED
|e 35394
|
| 650 |
|
0 |
|a Learning, Psychology of.
|9 38922
|
| 650 |
|
0 |
|a Learning.
|9 38923
|
| 650 |
|
0 |
|a Instructional systems.
|9 38924
|
| 852 |
|
|
|a Ayesha Abed Library
|c BIED Collection
|
| 942 |
|
|
|2 ddc
|c BK
|
| 952 |
|
|
|0 0
|1 0
|2 ddc
|4 0
|6 370_152000000000000_GAG
|7 0
|9 67712
|a BRACUL
|b BRACUL
|c GEN
|d 2020-01-13
|e Complimentary copy from BIED
|l 1
|o 370.152 GAG
|p 3010035394
|r 2023-06-11
|s 2023-06-10
|t 1
|w 2020-01-13
|y BK
|x Transferred from BIED to General Stacks
|